000 00608nam a22002297a 4500
999 _c382375
_d382375
001 96125
003 UA-OsUOA
005 20191112095414.0
007 ta
008 20130315b un ||||| |||| 00| 0 ukr d
040 _aUA-OsUOA
_bukr
_cUA-OsUOA
_dUA-OsUOA
041 _aukr
080 _a821.161.1
090 _a821.161.1
_bК68
100 _aКороленко В.
245 _aБез языка
_cВ. Г. Короленко
260 _aК.
_bМолодь
_c1953
300 _a139 с.
650 7 _a82 Література. Літературознавство
_2UDC
942 _cBK
_2udc
955 _a3